Obscure Trivia #23 - Statistics

General Stats
  • This quiz has been taken 28 times
  • The average score is 5 of 20
Answer Stats
Question Answer % Correct
How fast is the Andromeda Galaxy moving toward the Milky Way Galaxy? 100-140 kilometers per second
40%
How much are anxiety and depression estimated to cost the global economy annually? $1 trillion
40%
Which U.S. state has the highest police officer salaries? California
40%
United Kingdom : Anglo- :: Norway : ? Norvego-
40%
If you have a hankering for Kellogg’s® Rice Krispies while visiting Australia, what should you look for at the supermarket? Rice Bubbles
40%
Which statement about the planet Saturn is true? Saturn is not conducive to life as we know it, but some of its moons may be.
40%
The city of Uncertain is located in which U.S. state? Texas
40%
The best-selling physical single of all time is … “White Christmas” (Bing Crosby)
40%
A group of hyenas is known as … a cackle
20%
To become a member of a certain club in Dawson City, Yukon, you must first drink a cocktail containing … a human toe
20%
The demonym for a person from the Cayman Islands is … Caymanian
20%
Which was NOT a limited edition variety of the Almond Joy candy bar? Cherry Truffle
20%
feline : cat :: leporine : ? hare
20%
If someone asserts that you are latebricole, where do you live? In a hole
20%
Which order of birds contains the most species? Passeriformes (perching birds)
20%
If you suffer from ophidiophobia, you probably stay as far away as possible from … snakes
20%
Macie Davis-Southerland of Tracy, California holds the world record in her category for … the longest arm hair
20%
What volume of tears does an adult produce in a year? 15-30 gallons
0%
Which U.S. President was the first president to attend baseball’s opening day and throw the ceremonial first pitch? William Howard Taft
0%
In Allen Park, Michigan, it can be a misdemeanor to … write in a library book
0%
No matching quizzes found
Score Distribution
Percent of People with Each Score
Percentile by Number Answered
Your Score History
You have not taken this quiz